Fish oils in nutrition

Salvato in:
Dettagli Bibliografici
Natura: Libro
Lingua:Undetermined
Pubblicazione: New York Van Nostrand Reihold 1990
Soggetti:
Tags: Aggiungi Tag
Nessun Tag, puoi essere il primo ad aggiungerne! !
Thư viện lưu trữ: Trung tâm Học liệu Trường Đại học Cần Thơ
LEADER 00472nam a2200169Ia 4500
001 CTU_38834
008 210402s9999 xx 000 0 und d
082 |a 641.14 
082 |b F532 
245 0 |a Fish oils in nutrition 
245 0 |c Edited by Maurice E. Stansby 
260 |a New York 
260 |b Van Nostrand Reihold 
260 |c 1990 
650 |a Fish oils,Fish oils in human nutrition 
904 |i Giang 
980 |a Trung tâm Học liệu Trường Đại học Cần Thơ